000
00319nam a2200121Ia 4500
008
210430s9999 xx 000 0 und d
082
_a
621.4022A2771H
100
_a
Dr.D.S.Kumar
_9
54993
245
_a
Heat & mass transfer
_c
Dr.D.S.Kumar
260
_a
Delhi
_b
L.B.Enterprises
_c
2016
300
_a
756p.
942
_c
BK
_2
ddc
999
_c
565932
_d
565932